Movies Quiz

Random Movies or Director Quiz

Double Dip: Oscar Winning Director/Actor Quiz Stats

 Plays Quiz Updated Jan 25, 2015

Challenge
Share
Tweet
Embed
Score 0/30 Timer 06:00
1 Play Today
Movie Director % Correct
Forrest GumpRobert Zemeckis
97.4%
Million Dollar BabyClint Eastwood
94.1%
Rain ManBarry Levinson
93%
Kramer vs. KramerRobert Benton
92.9%
One Flew Over the Cuckoo's NestMiloš Forman
92%
The Silence of the LambsJonathan Demme
91.3%
American BeautySam Mendes
88.5%
The King's SpeechTom Hooper
86.7%
Annie HallWoody Allen
86.7%
GandhiRichard Attenborough
84.4%
The PianistRoman Polanski
77.5%
On the WaterfrontElia Kazan
76.5%
Ben-HurWilliam Wyler
72.9%
The French ConnectionWilliam Friedkin
68.8%
It Happened One NightFrank Capra
65.6%
Movie Director % Correct
PattonFranklin J. Schaffner
65.5%
Gone with the WindVictor Fleming
58.8%
CabaretBob Fosse
56.3%
AmadeusMiloš Forman
54.7%
The Bridge on the River KwaiDavid Lean
48.1%
Terms of EndearmentJames L. Brooks
47.1%
My Fair LadyGeorge Cukor
46.7%
MartyDelbert Mann
41.3%
The ArtistMichel Hazanavicius
38%
Mrs. MiniverWilliam Wyler
31.3%
Going My WayLeo McCarey
30.9%
The Lost WeekendBilly Wilder
30%
The Best Years of Our LivesWilliam Wyler
27.1%
A Man for All SeasonsFred Zinnemann
21.4%
The InformerJohn Ford
18.8%

You're not logged in!

Compare scores with friends on all Sporcle quizzes.
Join for Free
OR
Log In

You Might Also Like...

Show Comments

Extras

Top Quizzes Today


Score Distribution

Your Account Isn't Verified!

In order to create a playlist on Sporcle, you need to verify the email address you used during registration. Go to your Sporcle Settings to finish the process.

Report this User

Report this user for behavior that violates our Community Guidelines.

Details: